Trí tuệ tạo hình người Việt từ hình tượng quan âm nghìn mắt nghìn tay

Hệ thống hoá các tư liệu về hình tượng Quan Âm trong Phật giáo và nghệ thuật tạo hình truyền thống Việt Nam. Phân tích phong cách tạo tác tượng Quan Âm Nghìn Mắt Nghìn Tay từ thế kỉ XV - XVIII. Từ đó làm rõ nghệ thuật tạc tượng, hình th...

詳細記述

保存先:
書誌詳細
第一著者: Đoàn, Thị Mỹ Hương
フォーマット: 図書
言語:Undetermined
出版事項: Hà Nội Chính trị Quốc gia 2014
主題:
タグ: タグ追加
タグなし, このレコードへの初めてのタグを付けませんか!
Thư viện lưu trữ: Trung tâm Học liệu Trường Đại học Cần Thơ
LEADER 01260nam a2200205Ia 4500
001 CTU_194669
008 210402s9999 xx 000 0 und d
020 |c 74000 
082 |a 730.9597 
082 |b H561 
100 |a Đoàn, Thị Mỹ Hương 
245 0 |a Trí tuệ tạo hình người Việt từ hình tượng quan âm nghìn mắt nghìn tay 
245 0 |c Đoàn Thị Mỹ Hương 
260 |a Hà Nội 
260 |b Chính trị Quốc gia 
260 |c 2014 
520 |a Hệ thống hoá các tư liệu về hình tượng Quan Âm trong Phật giáo và nghệ thuật tạo hình truyền thống Việt Nam. Phân tích phong cách tạo tác tượng Quan Âm Nghìn Mắt Nghìn Tay từ thế kỉ XV - XVIII. Từ đó làm rõ nghệ thuật tạc tượng, hình thức biểu đạt về tư duy tạo hình, thẩm mĩ tạo hình, phương thức biểu đạt trong sáng tạo nghệ thuật tạo hình truyền thống Việt Nam 
650 |a Arts,Pagoda,Nghệ thuật,Chùa 
650 |z Vietnam,Vietnam,Việt Nam,Việt Nam 
980 |a Trung tâm Học liệu Trường Đại học Cần Thơ